000 01199njm a22002537a 4500
005 20100909144743.0
006 a|||||r|||||00| 0
007 sd ammalaaahaa
008 100907t xxu||||| |||| 00| 0 eng d
028 _aN 55327
_bHis Master's Voice
035 _aGR-01581
100 _aMangeshkar, Lata
_918693
245 _aJwala /
_cby Lata Mangeshkar; music by Shankar Jaikishan; lyrics by Rajinder Krishen
_h[Sound recording]
246 _aज्वाला / लता मंगेशकर द्वारा
260 _aDum Dum, India
_bHis Master's Voice
_c1966
300 _a1 sound disc [Gramophone Recording]
_banalog, 33 1/3rpm ;
_c9.5 in. (MP)
_fGramaphone Records
500 _aBrief record
505 _aSide-1 मेरा ज्वाला नाम (Mera jwala naam) (Lata Mangeshkar) --Side-2 थाम लो कलेजा सब अपना अपना (Thaam lo kaleja sab apna apna) (Mukesh)
650 _aClassical music
_xExcerpts
_zIndia
_918694
700 _aShankar Jaikishan
_919043
700 _aRajinder Krishen
_919044
942 _2ddc
_cGR
999 _c44818
_d44818